Core JavaServer faces
সংরক্ষণ করুন:
| প্রধান লেখক: | , |
|---|---|
| বিন্যাস: | গ্রন্থ |
| ভাষা: | ইংরেজি |
| প্রকাশিত: |
Boston
Prentice Hall
2010
|
| সংস্করন: | 3a. ed |
| বিষয়গুলি: | |
| ট্যাগগুলো: |
ট্যাগ যুক্ত করুন
কোনো ট্যাগ নেই, প্রথমজন হিসাবে ট্যাগ করুন!
|
MARC
| LEADER | 00000cam a2200000 a 4500 | ||
|---|---|---|---|
| 001 | UCG8597 | ||
| 003 | CL-VaPUC | ||
| 008 | 111223e20100000US |||||||||||||||||eng|d | ||
| 020 | |a 9780137012893 | ||
| 082 | 0 | 4 | |a 006.78 |b GEA |2 21 |
| 100 | 0 | |a Geary, David M |e author |9 559686 | |
| 700 | 0 | |a Horstmann, Cay |e author |9 559687 | |
| 245 | 1 | 0 | |a Core JavaServer faces |
| 250 | |a 3a. ed | ||
| 300 | |a 636 p | ||
| 942 | |c BK | ||
| 945 | |d 20111223 00:00:00 |a cmena | ||
| 260 | |a Boston |b Prentice Hall |c 2010 | ||
| 650 | 0 | |a Desarrollo web |9 559688 | |
| 650 | 0 | |a Páginas web |9 386845 | |
| 650 | 0 | |a Lenguajes de programación |9 259458 | |
| 650 | 0 | |a Páginas web |x Diseño |9 436463 | |
| 650 | 7 | |a JAVASERVER |2 CL-VaPUC |9 559689 | |
| 583 | |a last modification |c 20111223 12:06:00 |k Rodrigo Vera | ||
| 999 | |c 346203 |d 346201 | ||
| 952 | |0 0 |1 0 |4 0 |6 006_780000000000000_GEA_2010 |7 0 |8 A |9 446789 |a BIBING |b BIBING |d 2019-11-22 |i 4816692 |o 006.78 GEA 2010 |p 4816692 |r 2025-01-20 |w 2019-11-22 |y BK |k EII | ||